书目信息 |
| 题名: |
景观实录
|
|
| 作者: | 宋纯智 主编 | |
| 分册: | 2013年9月 NO.5 室内花园 | |
| 出版信息: | 沈阳 辽宁科学技术出版社 2013.09 |
|
| 页数: | 128页 | |
| 开本: | 30cm | |
| 丛书名: | ||
| 单 册: | ||
| 中图分类: | TU983-64 | |
| 科图分类: | ||
| 主题词: | 景观设计--世界--现代--图集 , 花园--景观设计--世界--现代--图集 | |
| 电子资源: | ||
| ISBN: | 978-7-5381-8264-4 | |
| 000 | 00957nam0 2200253 450 | |
| 001 | 0400006919 | |
| 005 | 20171107113225.0 | |
| 010 | @a978-7-5381-8264-4@dCNY48.00 | |
| 100 | @a20140108d2013 em y0chiy50 ea | |
| 101 | 0 | @achi |
| 102 | @aCN@b210000 | |
| 105 | @aa z 000yy | |
| 106 | @ar | |
| 200 | 1 | @a景观实录@Ajing guan shi lu@h2013年9月 NO.5@i室内花园@dLandscape record@hNo.5/2013@iindoor garden@f宋纯智主编@zeng |
| 210 | @a沈阳@c辽宁科学技术出版社@d2013.09 | |
| 215 | @a128页@c图@d30cm | |
| 330 | @a本书设有“景观新闻”、“景观案例”、“深度策划”、“景观规划与竞赛”、“设计交流”、“设计师访谈”等栏目。本辑主要介绍了室内花园的设计实例和技巧。 | |
| 510 | 1 | @aLandscape record@hNo.5/2013@iindoor garden@zeng |
| 606 | 0 | @a景观设计@y世界@z现代@j图集 |
| 606 | 0 | @a花园@x景观设计@y世界@z现代@j图集 |
| 690 | @aTU983-64@v5 | |
| 701 | 0 | @a宋纯智@Asong chun zhi@4主编 |
| 801 | 0 | @aCN@b上海新华@c20171107 |
| 905 | @b1027411-5@dTU983-64@e1386@f5 | |
| 景观实录.2013年9月 NO.5.室内花园=Landscape record.No.5/2013.indoor garden/宋纯智主编.-沈阳:辽宁科学技术出版社,2013.09 |
| 128页:图;30cm |
| ISBN 978-7-5381-8264-4:CNY48.00 |
| 本书设有“景观新闻”、“景观案例”、“深度策划”、“景观规划与竞赛”、“设计交流”、“设计师访谈”等栏目。本辑主要介绍了室内花园的设计实例和技巧。 |
| ● |
| 相关链接 |
|
|
|
|
正题名:景观实录
索取号:TU983-64/1386
 
预约/预借
| 序号 | 登录号 | 条形码 | 馆藏地/架位号 | 状态 | 备注 |
| 1 | 1027411 | 210274111 | 第二样本阅览室/ [索取号:TU983-64/1386] | 在馆 | |
| 2 | 1027412 | 210274120 | 第三借阅区/ [索取号:TU983-64/1386] | 在馆 | |
| 3 | 1027413 | 210274139 | 密集书库-生命科学系/ [索取号:TU983-64/1386] | 在馆 | |
| 4 | 1027414 | 210274148 | 第三借阅区/ [索取号:TU983-64/1386] | 在馆 | |
| 5 | 1027415 | 210274157 | 第三借阅区/ [索取号:TU983-64/1386] | 在馆 |